[Event "AUS-ch U18"]
[Site "Canberra"]
[Date "2007.01.25"]
[Round "10"]
[White "Davies, Rhys"]
[Black "Searle, Zachary"]
[Result "1-0"]
[WhiteElo "958"]
[BlackElo "809"]
[PlyCount "93"]
[EventDate "2007.01.14"]
[EventType "swiss"]
[EventRounds "11"]
[EventCountry "AUS"]
[SourceTitle "EXT 2008"]
[Source "ChessBase"]
[SourceDate "2007.11.25"]
[SourceVersion "1"]
[SourceVersionDate "2007.11.25"]
[SourceQuality "1"]

1. e4 c5 2. c3 d5 3. exd5 Qxd5 4. d4 Nf6 5. Nf3 Bg4 6. Be2 e6 7. 0-0 Be7 8. h3 Bh5 9. Be3 cxd4 10. cxd4 Nc6 11. Nc3 Qd8 12. Qd2 0-0 13. Rfd1 Bb4 14. Rac1 Qd7 15. Qc2 a6 16. a3 Bxc3 17. bxc3 Rad8 18. Qb2 Rfe8 19. Ne5 Qc8 20. Nxc6 Qxc6 21. Bxh5 Nxh5 22. Qb4 Rc8 23. c4 Red8 24. d5 exd5 25. cxd5 Qd7 26. Rxc8 Rxc8 27. d6 h6 28. Rd5 Nf6 29. Rc5 Rxc5 30. Qxc5 Ne4 31. Qd4 Nf6 32. Bf4 Ne8 33. Qe5 Kf8 34. Be3 Kg8 35. Qe7 Qxe7 36. dxe7 f6 37. f4 Kf7 38. Bc5 Nc7 39. g3 Nd5 40. Kf2 b6 41. Bd4 Kxe7 42. Kf3 Ke6 43. g4 b5 44. Ke4 Ne7 45. f5+ Kd6 46. Bc3 Kc5 47. Bb4+ 1-0

[Event "AUS-ch U18"]
[Site "Canberra"]
[Date "2007.01.14"]
[Round "1"]
[White "Tse, Jeffrey"]
[Black "Davies, Rhys"]
[Result "1-0"]
[WhiteElo "1730"]
[BlackElo "958"]
[PlyCount "73"]
[EventDate "2007.01.14"]
[EventType "swiss"]
[EventRounds "11"]
[EventCountry "AUS"]
[SourceTitle "EXT 2008"]
[Source "ChessBase"]
[SourceDate "2007.11.25"]
[SourceVersion "1"]
[SourceVersionDate "2007.11.25"]
[SourceQuality "1"]

1. e4 c6 2. d4 d5 3. Nc3 dxe4 4. Nxe4 Bf5 5. Ng3 Bg6 6. h4 h6 7. h5 Bh7 8. Nf3 Nf6 9. Bd3 Bxd3 10. Qxd3 Nbd7 11. Bd2 e6 12. 0-0-0 Be7 13. Kb1 Qc7 14. Qe2 Rd8 15. Rdg1 c5 16. dxc5 Nxc5 17. Bc3 Ncd7 18. Nf1 Nd5 19. Bxg7 Rh7 20. Bd4 b6 21. g4 Nc5 22. g5 hxg5 23. Nxg5 Bxg5 24. Rxg5 Kd7 25. Ne3 Qf4 26. Qb5+ Kc7 27. Be5+ Qxe5 28. Rxe5 Nxe3 29. Rxe3 Rxh5 30. Rhe1 Rhd5 31. b4 Nb7 32. Rc3+ Kb8 33. Qc6 R5d7 34. Kb2 f5 35. Rd1 Rf7 36. Rxd8+ Nxd8 37. Qc8# 1-0